000 01444nam a22001577a 4500
999 _c514287
_d514287
008 201023b ||||| |||| 00| 0 eng d
100 _aAvial, Camilo Benitez, Hartmann, Andreas and Dewulf, Geert
_919729
245 _aContractual and relational governance as positioned-practices in ongoing public-private partnership projects
260 _aProject Management Journal
300 _a50(6), Dec, 2019: p.716-733
520 _aThis article introduces a process framework based on the realist social theory for studying governing in ongoing public–private partnerships (PPPs). Contractual and relational practices are defined as activities enacted and re-created by virtue of actors’ dual positions: at both the partnership and the parent organizational levels. In PPPs, complementarities and contradictions between public, rule-bureaucratic logic and private, market-oriented logic define structural demands on actors. Nonpredictive and innovative governing activities emerge from the actors’ reflexive capacity to balance different demands. The framework allows the examination of the complex interplay of relational and contractual practices, illustrated in a PPP Dutch case.- Reproduced
650 _aPublic–Private partnerships, Positioned-Practices, Project governance, Contractual governance, Relational governance
_918852
773 _aProject Management Journal
906 _aPUBLIC PRIVATE PARTNERSHIP
942 _cAR